|
|
|
|
| LEADER |
00000nam0a2200000 4500 |
| 001 |
340045 |
| 005 |
20231102005211.0 |
| 035 |
|
|
|a (RuTPU)RU\TPU\book\366611
|
| 035 |
|
|
|a RU\TPU\book\303243
|
| 090 |
|
|
|a 340045
|
| 100 |
|
|
|a 20180209d1975 k y0rusy50 ca
|
| 101 |
0 |
|
|a rus
|
| 102 |
|
|
|a RU
|
| 105 |
|
|
|a a z 001zy
|
| 200 |
1 |
|
|a Раннеордовикские конодонты среднего течения р. Лены
|f Г. П. Абаимова
|g Сибирский научно-исследовательский институт геологии, геофизики и минерального сырья (СНИИГГиМС) ; под ред. С. В. Сухова
|
| 210 |
|
|
|a Новосибирск
|c Наука
|d 1975
|
| 215 |
|
|
|a 130 с.
|c ил.
|
| 225 |
1 |
|
|a Труды Сибирского научно-исследовательского института геологии, геофизики и минерального сырья (СНИИГГиМС)
|v Вып. 207
|
| 320 |
|
|
|a Библиогр. в конце ст.
|
| 606 |
1 |
|
|a Конодонты
|2 stltpush
|3 (RuTPU)RU\TPU\subj\15377
|9 41624
|
| 610 |
1 |
|
|a Сибирь
|
| 610 |
1 |
|
|a Лена
|
| 610 |
1 |
|
|a ордовикские отложения
|
| 610 |
1 |
|
|a Сибирская платформа
|
| 610 |
1 |
|
|a опорные разрезы
|
| 610 |
1 |
|
|a ископаемые остатки
|
| 610 |
1 |
|
|a стратиграфия
|
| 675 |
|
|
|a 56.016
|v 3
|
| 700 |
|
1 |
|a Абаимова
|b Г. П.
|g Галина Петровна
|
| 702 |
|
1 |
|a Сухов
|b С. В.
|4 340
|
| 712 |
0 |
2 |
|a Сибирский научно-исследовательский институт геологии, геофизики и минерального сырья (СНИИГГиМС)
|c (Новосибирск)
|2 stltpush
|3 (RuTPU)RU\TPU\col\322
|
| 801 |
|
1 |
|a RU
|b 63413507
|c 20141224
|
| 801 |
|
2 |
|a RU
|b 63413507
|c 20200521
|g RCR
|
| 942 |
|
|
|c BK
|